000 00639nam a2200205Ia 4500
003 GCL
008 140319s9999 xx 000 0 ara d
040 _aGCL /
_cGCL
082 0 4 _a938
_bز ح
100 1 _aعبدالمحسن الخشاب
245 1 0 _aالحياة العامة اليونانية : السياسية والاقتصاد فى اثينا فى القرن الخامس /
_cعبدالمحسن الخشاب
700 1 _aزيمرن، الفريد
300 _a593 ص
490 _a
650 0 4 _aالاقتصاد
650 0 4 _aالسياسة
650 0 4 _aالتاريخ
650 0 4 _aاليونان
942 _2ddc
_cBK
999 _c45953
_d45953